| 000 | 00832nam a2200277Ia 4500 | ||
|---|---|---|---|
| 001 | Para_4626 | ||
| 003 | CHAP | ||
| 008 | 220125s1931 xx 000 0 und d | ||
| 010 | _a201811 | ||
| 040 | _cCHAP | ||
| 090 | _aPA FOLLETO 1967 | ||
| 100 |
_aEddy, C. O. _935319 |
||
| 245 |
_aBiological studies of the oriental fruit moth 1930 / _c C. O. Eddy and W. C. Nettles |
||
| 260 |
_aClemson, South Carolina : _b Clemson Agricultural College |
||
| 300 | _a21 p. | ||
| 440 |
_aSouth Carolina Agri. Exp. Sta. Bull.; 278 _9166740 |
||
| 650 |
_aLaspeyresia molesta Durazno _x Plagas _9166741 |
||
| 700 |
_aNettles, W. C. _980915 |
||
| 901 | _aPA FOLLETO 1967 | ||
| 902 | _aA | ||
| 905 | _a0000001931 CLE 0000000000 00 | ||
| 910 | _a1931 | ||
| 942 | _cPARA | ||
| 942 |
_cPARA _d1 |
||
| 999 |
_c201811 _d201811 |
||